LEADER 01033nam0-2200325---450- 001 990009959000403321 005 20150428100836.0 010 $a88-8304-757-5 035 $a000995900 035 $aFED01000995900 035 $a(Aleph)000995900FED01 035 $a000995900 100 $a20150428d2004----km-y0itay50------ba 101 0 $aita 102 $aIT 105 $aa-------001yy 200 1 $a<>europa tra continuitą e cambiamento$eil vertice dell'Aja del 1969 e il rilancio della costruzione europea$fMaria Eleonora Guasconi 210 $aFirenze$cPolistampa$d2004 215 $a286 p.$ctab.$d24 cm 225 1 $aStoria delle relazioni internazionali$v8 610 0 $aEuropa$aUnificazione$a1969-1971 676 $a327.17094$v19$zita 700 1$aGuasconi,$bMaria Eleonora$0464510 801 0$aIT$bUNINA$gREICAT$2UNIMARC 901 $aBK 912 $a990009959000403321 952 $aCollez. 2464 (8)$b206/2015$fFSPBC 959 $aFSPBC 996 $aEuropa tra continuitą e cambiamento$9822714 997 $aUNINA